Movies Quiz

Random Movies or Clickable Quiz

'90s Movie Title Match-up Quiz Stats

 Plays Quiz Updated Jan 12, 2016

Challenge
Share
Tweet
Score 0/40 Timer 04:00
7 Plays Today
% Correct
Forrest
98.5%
Apollo
98.1%
Jurassic
98.1%
Saving
98%
Pulp
97.9%
Toy
97.6%
The Sixth
97.4%
The Shawshank
97.2%
Groundhog
96.8%
Good
96.4%
American
95.9%
The Lion
95.9%
The Big
95.7%
Fight
95.6%
Wayne's
94.6%
The Usual
94.4%
Reservoir
94.2%
Eyes
93.8%
The Fifth
92.9%
My Cousin
92.4%
% Correct
Space
92.2%
Cool
89.8%
12
89.2%
Point
88.6%
City
88.5%
The Thin
88.2%
American
87.3%
Office
86.3%
The Iron
84.9%
Before
78%
Mr. Holland's
76.8%
The Boondock
76.6%
Glengarry
75.2%
Empire
73.7%
Sling
72.7%
Hoop
72.3%
Ed
70.1%
Princess
70%
Barton
68.5%
Waking
64.8%

You're not logged in!

Compare scores with friends on all Sporcle quizzes.
OR
Log In

You Might Also Like...

Show Comments

Extras

Top Quizzes Today


Score Distribution

Your Account Isn't Verified!

In order to create a playlist on Sporcle, you need to verify the email address you used during registration. Go to your Sporcle Settings to finish the process.

Report this User

Report this user for behavior that violates our Community Guidelines.

Details: